[Event "DEM U10 2024"]
[Site "Willingen GER"]
[Date "2024.05.22"]
[Round "6"]
[White "König, Marius"]
[Black "Köbel, John"]
[Result "1-0"]
[Termination "normal"]
[Board "28"]
[WhiteElo "1356"]
[BlackElo "1110"]
[WhiteClock "01:04:13"]
[BlackClock "00:43:54"]
[PlyCount "50"]
[WhiteFideId "533001812"]
[BlackFideId "34641394"]
[EventCountry "GER"]
[EventRounds "11"]
[EventType "swiss"]
[EventDate "2024.05.18"]

1. e4 {[%clk 01:15:57]} {[%emt 00:00:03]} c5 {[%clk 01:15:51]} {[%emt
00:00:10]} 2. Nf3 {[%clk 01:16:24]} {[%emt 00:00:03]} e6 {[%clk 01:16:11]}
{[%emt 00:00:09]} 3. d4 {[%clk 01:16:50]} {[%emt 00:00:05]} cxd4 {[%clk
01:16:33]} {[%emt 00:00:08]} 4. Nxd4 {[%clk 01:17:15]} {[%emt 00:00:04]} Nc6
{[%clk 01:16:57]} {[%emt 00:00:07]} 5. Nc3 {[%clk 01:17:41]} {[%emt 00:00:04]}
Qc7 {[%clk 01:17:15]} {[%emt 00:00:11]} 6. Be3 {[%clk 01:17:58]} {[%emt
00:00:13]} a6 {[%clk 01:17:12]} {[%emt 00:00:34]} 7. Bd3 {[%clk 01:18:11]}
{[%emt 00:00:16]} Nf6 {[%clk 01:17:16]} {[%emt 00:00:26]} 8. O-O {[%clk
01:18:30]} {[%emt 00:00:11]} b5 {[%clk 01:17:31]} {[%emt 00:00:15]} 9. a3
{[%clk 01:18:49]} {[%emt 00:00:11]} Bb7 {[%clk 01:15:39]} {[%emt 00:02:21]} 10.
Kh1 {[%clk 01:19:07]} {[%emt 00:00:12]} d6 {[%clk 01:14:30]} {[%emt 00:01:40]}
11. f4 {[%clk 01:19:03]} {[%emt 00:00:34]} Be7 {[%clk 01:11:49]} {[%emt
00:03:10]} 12. g4 {[%clk 01:18:47]} {[%emt 00:00:46]} Nd7 {[%clk 01:11:00]}
{[%emt 00:01:19]} 13. f5 {[%clk 01:17:48]} {[%emt 00:01:30]} exf5 {[%clk
01:11:20]} {[%emt 00:00:10]} 14. gxf5 {[%clk 01:18:12]} {[%emt 00:00:06]} Nce5
{[%clk 01:09:55]} {[%emt 00:01:55]} 15. Rg1 {[%clk 01:15:16]} {[%emt 00:03:27]}
g6 {[%clk 01:01:36]} {[%emt 00:08:49]} 16. Qe2 {[%clk 01:13:36]} {[%emt
00:02:09]} Nxd3 {[%emt 00:06:29]} 17. cxd3 {[%clk 01:13:34]} {[%emt 00:00:30]}
Ne5 {[%clk 00:55:40]} {[%emt 00:00:29]} 18. Rac1 {[%clk 01:13:34]} {[%emt
00:00:30]} Qd7 {[%clk 00:55:23]} {[%emt 00:00:46]} 19. Rcf1 {[%clk 01:10:25]}
{[%emt 00:03:40]} f6 {[%clk 00:49:40]} {[%emt 00:06:12]} 20. Ne6 {[%clk
01:08:52]} {[%emt 00:02:04]} Rg8 {[%clk 00:47:06]} {[%emt 00:03:04]} 21. Nd5
{[%clk 01:07:46]} {[%emt 00:01:35]} Bxd5 {[%clk 00:45:48]} {[%emt 00:01:49]}
22. exd5 {[%clk 01:08:08]} {[%emt 00:00:08]} g5 {[%clk 00:45:47]} {[%emt
00:00:31]} 23. Qh5+ {[%clk 01:05:25]} {[%emt 00:03:13]} Ng6 {[%clk 00:43:48]}
{[%emt 00:02:28]} 24. fxg6 {[%clk 01:04:22]} {[%emt 00:01:33]} hxg6 {[%clk
00:44:07]} {[%emt 00:00:12]} 25. Qh7 {[%clk 01:04:13]} {[%emt 00:00:39]} Rf8
{[%clk 00:43:54]} {[%emt 00:00:43]} 1-0

[Event "DEM U10 2024"]
[Site "Willingen GER"]
[Date "2024.05.22"]
[Round "6"]
[White "Seegebrecht, Johann"]
[Black "Link, Jonas Michael"]
[Result "1-0"]
[Termination "normal"]
[Board "29"]
[WhiteElo "1421"]
[BlackElo "1187"]
[WhiteClock "01:16:50"]
[BlackClock "01:07:53"]
[PlyCount "49"]
[WhiteFideId "34655115"]
[BlackFideId "533001839"]
[EventCountry "GER"]
[EventRounds "11"]
[EventType "swiss"]
[EventDate "2024.05.18"]

1. e4 {[%clk 01:15:58]} {[%emt 00:00:02]} e5 {[%clk 01:15:49]} {[%emt
00:00:11]} 2. Nf3 {[%clk 01:16:23]} {[%emt 00:00:05]} Nc6 {[%clk 01:16:03]}
{[%emt 00:00:16]} 3. Nc3 {[%clk 01:16:47]} {[%emt 00:00:06]} Nf6 {[%clk
01:16:20]} {[%emt 00:00:12]} 4. Bb5 {[%clk 01:17:06]} {[%emt 00:00:12]} Bd6
{[%clk 01:16:39]} {[%emt 00:00:11]} 5. d3 {[%clk 01:17:22]} {[%emt 00:00:14]}
O-O {[%clk 01:16:59]} {[%emt 00:00:10]} 6. O-O {[%clk 01:17:33]} {[%emt
00:00:19]} Re8 {[%clk 01:16:59]} {[%emt 00:00:30]} 7. Bg5 {[%emt 00:00:09]} a6
{[%emt 00:00:55]} 8. Bc4 {[%clk 01:16:42]} {[%emt 00:00:17]} h6 {[%clk
01:16:17]} {[%emt 00:01:12]} 9. Bh4 {[%clk 01:16:51]} {[%emt 00:00:20]} b5
{[%clk 01:16:05]} {[%emt 00:00:42]} 10. Bb3 {[%clk 01:17:14]} {[%emt 00:00:07]}
Nd4 {[%clk 01:15:56]} {[%emt 00:00:39]} 11. Nxd4 {[%clk 01:17:25]} {[%emt
00:00:20]} exd4 {[%clk 01:16:07]} {[%emt 00:00:20]} 12. Nd5 {[%clk 01:17:45]}
{[%emt 00:00:08]} Be5 {[%clk 01:15:48]} {[%emt 00:00:50]} 13. f4 {[%clk
01:16:34]} {[%emt 00:01:40]} d6 {[%clk 01:14:52]} {[%emt 00:01:26]} 14. fxe5
{[%clk 01:16:54]} {[%emt 00:00:10]} Bg4 {[%clk 01:14:23]} {[%emt 00:01:00]} 15.
Qd2 {[%clk 01:16:43]} {[%emt 00:00:37]} Nxe4 {[%clk 01:14:01]} {[%emt
00:00:55]} 16. dxe4 {[%clk 01:16:58]} {[%emt 00:00:16]} Qxh4 {[%clk 01:14:13]}
{[%emt 00:00:17]} 17. Nxc7 {[%clk 01:17:17]} {[%emt 00:00:12]} Rxe5 {[%clk
01:12:53]} {[%emt 00:01:50]} 18. Nxa8 {[%clk 01:17:20]} {[%emt 00:00:27]} Rxe4
{[%clk 01:13:01]} {[%emt 00:00:21]} 19. Bxf7+ {[%clk 01:17:06]} {[%emt
00:00:45]} Kh7 {[%clk 01:12:42]} {[%emt 00:00:48]} 20. Qd3 {[%clk 01:17:03]}
{[%emt 00:00:32]} Be2 {[%clk 01:12:23]} {[%emt 00:00:50]} 21. Bg6+ {[%clk
01:16:37]} {[%emt 00:00:57]} Kg8 {[%clk 01:10:39]} {[%emt 00:02:14]} 22. Qb3+
{[%clk 01:16:17]} {[%emt 00:00:49]} Bc4 {[%clk 01:09:59]} {[%emt 00:01:10]} 23.
Qf3 {[%clk 01:16:38]} {[%emt 00:00:06]} Bxf1 {[%clk 01:07:57]} {[%emt
00:02:35]} 24. Qf7+ {[%clk 01:16:57]} {[%emt 00:00:10]} Kh8 {[%clk 01:07:53]}
{[%emt 00:00:35]} 25. Qf8# {[%clk 01:16:50]} {[%emt 00:00:07]} 1-0

[Event "DEM U10 2024"]
[Site "Willingen GER"]
[Date "2024.05.22"]
[Round "7"]
[White "Steinbrenner, Peter"]
[Black "Gusev, Daniil"]
[Result "1-0"]
[Termination "normal"]
[Board "1"]
[WhiteElo "1941"]
[BlackElo "1740"]
[WhiteClock "00:12:47"]
[BlackClock "00:07:06"]
[PlyCount "117"]
[WhiteFideId "34645535"]
[BlackFideId "55683886"]
[EventCountry "GER"]
[EventRounds "11"]
[EventType "swiss"]
[EventDate "2024.05.18"]

1. e4 {[%clk 01:15:56]} {[%emt 00:00:03]} c5 {[%clk 01:15:57]} {[%emt
00:00:04]} 2. Nf3 {[%clk 01:16:16]} {[%emt 00:00:09]} e6 {[%clk 01:16:20]}
{[%emt 00:00:07]} 3. d4 {[%clk 01:16:42]} {[%emt 00:00:04]} cxd4 {[%clk
01:16:43]} {[%emt 00:00:08]} 4. Nxd4 {[%clk 01:17:06]} {[%emt 00:00:05]} Nf6
{[%clk 01:16:46]} {[%emt 00:00:28]} 5. Nc3 {[%clk 01:16:54]} {[%emt 00:00:41]}
Nc6 {[%clk 01:16:45]} {[%emt 00:00:32]} 6. Be3 {[%clk 01:15:12]} {[%emt
00:02:12]} Bb4 {[%clk 01:16:32]} {[%emt 00:00:43]} 7. Qf3 {[%clk 01:10:43]}
{[%emt 00:04:58]} d5 {[%clk 01:16:29]} {[%emt 00:00:33]} 8. exd5 {[%clk
01:09:13]} {[%emt 00:02:01]} Nxd5 {[%clk 01:16:32]} {[%emt 00:00:27]} 9. Nxc6
{[%clk 01:08:01]} {[%emt 00:01:41]} bxc6 {[%clk 01:16:15]} {[%emt 00:00:46]}
10. Bd4 {[%clk 01:04:18]} {[%emt 00:04:13]} O-O {[%clk 01:15:57]} {[%emt
00:00:48]} 11. O-O-O {[%clk 00:50:57]} {[%emt 00:13:52]} c5 {[%clk 01:09:43]}
{[%emt 00:06:44]} 12. Nxd5 {[%clk 00:42:32]} {[%emt 00:08:55]} exd5 {[%clk
01:06:22]} {[%emt 00:03:50]} 13. Bc3 {[%clk 00:39:13]} {[%emt 00:03:49]} Bxc3
{[%clk 00:55:48]} {[%emt 00:11:05]} 14. Qxc3 {[%clk 00:38:48]} {[%emt
00:00:55]} Qg5+ {[%clk 00:54:03]} {[%emt 00:02:15]} 15. Kb1 {[%clk 00:38:33]}
{[%emt 00:00:45]} d4 {[%clk 00:54:05]} {[%emt 00:00:28]} 16. Qg3 {[%clk
00:34:00]} {[%emt 00:05:01]} Qd5 {[%clk 00:49:59]} {[%emt 00:04:37]} 17. b3
{[%clk 00:31:46]} {[%emt 00:02:44]} Be6 {[%clk 00:47:32]} {[%emt 00:02:58]} 18.
Bc4 {[%clk 00:31:38]} {[%emt 00:00:38]} Qc6 {[%clk 00:47:54]} {[%emt 00:00:07]}
19. Bxe6 {[%clk 00:31:30]} {[%emt 00:00:38]} fxe6 {[%clk 00:48:19]} {[%emt
00:00:06]} 20. h4 {[%clk 00:30:53]} {[%emt 00:01:06]} a5 {[%clk 00:48:19]}
{[%emt 00:00:30]} 21. h5 {[%clk 00:31:07]} {[%emt 00:00:17]} a4 {[%clk
00:47:23]} {[%emt 00:01:26]} 22. h6 {[%clk 00:29:02]} {[%emt 00:02:34]} Rf7
{[%clk 00:47:10]} {[%emt 00:00:43]} 23. hxg7 {[%clk 00:28:10]} {[%emt
00:01:22]} axb3 {[%clk 00:35:16]} {[%emt 00:12:24]} 24. cxb3 {[%clk 00:27:45]}
{[%emt 00:00:55]} Rxg7 {[%clk 00:35:39]} {[%emt 00:00:08]} 25. Qd3 {[%clk
00:27:56]} {[%emt 00:00:18]} Qa6 {[%clk 00:24:04]} {[%emt 00:12:05]} 26. Qxa6
{[%clk 00:24:22]} {[%emt 00:04:04]} Rxa6 {[%clk 00:24:31]} {[%emt 00:00:04]}
27. g3 {[%clk 00:24:07]} {[%emt 00:00:44]} e5 {[%clk 00:23:57]} {[%emt
00:01:04]} 28. Rh5 {[%clk 00:23:12]} {[%emt 00:01:24]} Re7 {[%clk 00:21:02]}
{[%emt 00:03:26]} 29. Re1 {[%clk 00:22:28]} {[%emt 00:01:14]} Rae6 {[%clk
00:11:17]} {[%emt 00:10:15]} 30. Re4 {[%clk 00:18:24]} {[%emt 00:04:34]} Kg7
{[%clk 00:06:54]} {[%emt 00:04:53]} 31. Reh4 {[%clk 00:15:39]} {[%emt
00:03:15]} Kg8 {[%clk 00:06:01]} {[%emt 00:01:23]} 32. Re4 {[%clk 00:14:39]}
{[%emt 00:01:30]} Kg7 {[%clk 00:06:24]} {[%emt 00:00:07]} 33. Rh1 {[%clk
00:14:36]} {[%emt 00:00:33]} Kg6 {[%clk 00:05:01]} {[%emt 00:01:53]} 34. Rhe1
{[%clk 00:14:32]} {[%emt 00:00:34]} Kf5 {[%clk 00:03:58]} {[%emt 00:01:34]} 35.
Kc2 {[%clk 00:12:44]} {[%emt 00:02:17]} Ra6 {[%clk 00:03:01]} {[%emt 00:01:28]}
36. a4 {[%clk 00:11:56]} {[%emt 00:01:17]} Rae6 {[%clk 00:01:39]} {[%emt
00:01:53]} 37. g4+ {[%clk 00:08:11]} {[%emt 00:04:15]} Kf6 {[%clk 00:01:23]}
{[%emt 00:00:46]} 38. Rh1 {[%clk 00:08:21]} {[%emt 00:00:20]} Ra6 {[%clk
00:00:52]} {[%emt 00:01:01]} 39. Rh6+ {[%clk 00:08:37]} {[%emt 00:00:14]} Kg5
{[%clk 00:00:37]} {[%emt 00:00:45]} 40. Rxa6 {[%clk 00:09:01]} {[%emt
00:00:06]} Rf7 {[%clk 00:00:46]} {[%emt 00:00:21]} 41. Rxe5+ {[%clk 00:08:44]}
{[%emt 00:00:47]} Kxg4 {[%clk 00:01:09]} {[%emt 00:00:06]} 42. Rxc5 {[%clk
00:08:55]} {[%emt 00:00:19]} Rxf2+ {[%clk 00:01:31]} {[%emt 00:00:08]} 43. Kd3
{[%clk 00:09:18]} {[%emt 00:00:07]} Rf3+ {[%clk 00:01:53]} {[%emt 00:00:08]}
44. Kxd4 {[%clk 00:09:37]} {[%emt 00:00:11]} Rxb3 {[%clk 00:02:08]} {[%emt
00:00:16]} 45. Rh6 {[%clk 00:09:47]} {[%emt 00:00:18]} Rb7 {[%clk 00:02:26]}
{[%emt 00:00:13]} 46. a5 {[%clk 00:09:52]} {[%emt 00:00:25]} Ra7 {[%emt
00:00:08]} 47. a6 {[%clk 00:09:47]} {[%emt 00:00:34]} Kf4 {[%clk 00:03:04]}
{[%emt 00:00:15]} 48. Kc4 {[%clk 00:09:32]} {[%emt 00:00:46]} Rxa6 {[%clk
00:03:16]} {[%emt 00:00:18]} 49. Rxa6 {[%clk 00:09:56]} {[%emt 00:00:06]} h5
{[%clk 00:03:42]} {[%emt 00:00:03]} 50. Rxh5 {[%clk 00:10:18]} {[%emt
00:00:07]} Kg4 {[%clk 00:04:09]} {[%emt 00:00:04]} 51. Rg6 {[%clk 00:10:03]}
{[%emt 00:00:44]} Kxh5 {[%clk 00:04:33]} {[%emt 00:00:07]} 52. Rg1 {[%clk
00:10:24]} {[%emt 00:00:09]} Kh4 {[%clk 00:04:59]} {[%emt 00:00:05]} 53. Kd4
{[%clk 00:10:47]} {[%emt 00:00:06]} Kh3 {[%clk 00:05:20]} {[%emt 00:00:08]} 54.
Ke3 {[%clk 00:10:52]} {[%emt 00:00:25]} Kh2 {[%clk 00:05:42]} {[%emt 00:00:04]}
55. Rg8 {[%clk 00:11:10]} {[%emt 00:00:17]} Kh3 {[%clk 00:06:01]} {[%emt
00:00:12]} 56. Kf4 {[%clk 00:11:33]} {[%emt 00:00:06]} Kh2 {[%clk 00:06:24]}
{[%emt 00:00:07]} 57. Kf3 {[%clk 00:12:00]} {[%emt 00:00:04]} Kh1 {[%clk
00:06:48]} {[%emt 00:00:05]} 58. Kf2 {[%clk 00:12:23]} {[%emt 00:00:06]} Kh2
{[%clk 00:07:06]} {[%emt 00:00:13]} 59. Rh8 {[%clk 00:12:47]} {[%emt 00:00:06]}
1-0

[Event "DEM U10 2024"]
[Site "Willingen GER"]
[Date "2024.05.22"]
[Round "7"]
[White "Pradeep, Harshill"]
[Black "Chakhalov, Mikael"]
[Result "0-1"]
[Termination "normal"]
[Board "2"]
[WhiteElo "1853"]
[BlackElo "1747"]
[WhiteClock "00:24:19"]
[BlackClock "00:02:06"]
[PlyCount "88"]
[WhiteFideId "34629513"]
[BlackFideId "34644458"]
[EventCountry "GER"]
[EventRounds "11"]
[EventType "swiss"]
[EventDate "2024.05.18"]

1. e4 {[%clk 01:15:07]} {[%emt 00:00:52]} e6 {[%clk 01:15:31]} {[%emt
00:00:29]} 2. d3 {[%clk 01:15:27]} {[%emt 00:00:11]} d5 {[%clk 01:15:46]}
{[%emt 00:00:14]} 3. Nd2 {[%clk 01:15:49]} {[%emt 00:00:09]} c5 {[%clk
01:15:54]} {[%emt 00:00:22]} 4. Ngf3 {[%clk 01:16:11]} {[%emt 00:00:08]} Nc6
{[%clk 01:15:44]} {[%emt 00:00:39]} 5. g3 {[%clk 01:16:18]} {[%emt 00:00:23]}
Be7 {[%clk 01:14:54]} {[%emt 00:01:21]} 6. Bg2 {[%clk 01:16:27]} {[%emt
00:00:21]} Nf6 {[%clk 01:14:58]} {[%emt 00:00:26]} 7. O-O {[%clk 01:16:46]}
{[%emt 00:00:12]} b6 {[%clk 01:14:46]} {[%emt 00:00:42]} 8. Re1 {[%clk
01:17:06]} {[%emt 00:00:09]} Bb7 {[%clk 01:15:02]} {[%emt 00:00:15]} 9. e5
{[%clk 01:17:14]} {[%emt 00:00:22]} Nd7 {[%clk 01:15:23]} {[%emt 00:00:09]} 10.
Nf1 {[%clk 01:17:22]} {[%emt 00:00:21]} Qc7 {[%clk 01:15:35]} {[%emt 00:00:18]}
11. Bf4 {[%clk 01:17:09]} {[%emt 00:00:44]} O-O-O {[%clk 01:15:36]} {[%emt
00:00:29]} 12. c3 {[%clk 01:16:18]} {[%emt 00:01:21]} Rdg8 {[%clk 01:14:36]}
{[%emt 00:01:30]} 13. d4 {[%clk 01:13:44]} {[%emt 00:03:05]} g5 {[%clk
01:12:22]} {[%emt 00:02:44]} 14. Be3 {[%clk 01:13:59]} {[%emt 00:00:14]} h5
{[%clk 01:11:47]} {[%emt 00:01:05]} 15. Rc1 {[%clk 01:13:37]} {[%emt 00:00:53]}
Kb8 {[%clk 00:56:20]} {[%emt 00:15:57]} 16. Qa4 {[%clk 01:12:18]} {[%emt
00:01:49]} c4 {[%clk 00:52:20]} {[%emt 00:04:30]} 17. b4 {[%clk 01:10:47]}
{[%emt 00:02:01]} b5 {[%clk 00:51:08]} {[%emt 00:01:42]} 18. Qc2 {[%clk
01:09:14]} {[%emt 00:02:02]} Nb6 {[%clk 00:49:26]} {[%emt 00:02:13]} 19. Rb1
{[%clk 01:07:32]} {[%emt 00:02:12]} Na4 {[%clk 00:45:12]} {[%emt 00:04:44]} 20.
Bc1 {[%clk 01:07:24]} {[%emt 00:00:38]} g4 {[%clk 00:44:27]} {[%emt 00:01:15]}
21. N3d2 {[%clk 01:07:43]} {[%emt 00:00:10]} h4 {[%clk 00:40:28]} {[%emt
00:04:30]} 22. Ne3 {[%clk 01:05:05]} {[%emt 00:03:08]} f5 {[%clk 00:34:52]}
{[%emt 00:06:06]} 23. exf6 {[%clk 01:05:27]} {[%emt 00:00:07]} Bxf6 {[%clk
00:35:13]} {[%emt 00:00:09]} 24. Ndf1 {[%clk 01:05:32]} {[%emt 00:00:25]} Qf7
{[%clk 00:31:01]} {[%emt 00:04:42]} 25. Nd1 {[%clk 00:57:44]} {[%emt 00:08:18]}
hxg3 {[%clk 00:30:24]} {[%emt 00:01:08]} 26. fxg3 {[%clk 00:57:46]} {[%emt
00:00:25]} e5 {[%clk 00:26:08]} {[%emt 00:04:49]} 27. Nde3 {[%clk 00:43:36]}
{[%emt 00:14:40]} e4 {[%clk 00:12:43]} {[%emt 00:13:55]} 28. Nf5 {[%clk
00:43:10]} {[%emt 00:00:56]} Qe6 {[%clk 00:11:51]} {[%emt 00:01:21]} 29. N5e3
{[%clk 00:37:25]} {[%emt 00:06:15]} Rf8 {[%clk 00:10:32]} {[%emt 00:01:49]} 30.
Nd1 {[%clk 00:31:44]} {[%emt 00:06:11]} Rhg8 {[%clk 00:09:04]} {[%emt
00:01:58]} 31. Nb2 {[%clk 00:30:49]} {[%emt 00:01:25]} Nxc3 {[%clk 00:09:14]}
{[%emt 00:00:20]} 32. Ra1 {[%clk 00:28:31]} {[%emt 00:02:48]} Nxd4 {[%clk
00:09:02]} {[%emt 00:00:41]} 33. Bf4+ {[%clk 00:28:29]} {[%emt 00:00:33]} Ka8
{[%clk 00:09:12]} {[%emt 00:00:21]} 34. Qf2 {[%clk 00:26:31]} {[%emt 00:02:27]}
Nf3+ {[%clk 00:06:18]} {[%emt 00:03:23]} 35. Bxf3 {[%clk 00:26:53]} {[%emt
00:00:07]} gxf3 {[%clk 00:06:36]} {[%emt 00:00:13]} 36. a4 {[%clk 00:24:03]}
{[%emt 00:03:20]} Rf7 {[%clk 00:03:43]} {[%emt 00:03:23]} 37. axb5 {[%clk
00:24:13]} {[%emt 00:00:20]} Nxb5 {[%clk 00:03:53]} {[%emt 00:00:20]} 38. Ra5
{[%clk 00:23:46]} {[%emt 00:00:57]} Bd4 {[%clk 00:03:28]} {[%emt 00:00:55]} 39.
Be3 {[%clk 00:24:11]} {[%emt 00:00:05]} Bxe3 {[%clk 00:03:37]} {[%emt
00:00:21]} 40. Qxe3 {[%clk 00:24:14]} {[%emt 00:00:26]} f2+ {[%clk 00:03:49]}
{[%emt 00:00:18]} 41. Kg2 {[%clk 00:24:28]} {[%emt 00:00:16]} fxe1=Q {[%emt
00:00:31]} 42. Qxe1 {[%emt 00:00:06]} Rh8 {[%clk 00:02:31]} {[%emt 00:01:11]}
43. h4 {[%clk 00:24:18]} {[%emt 00:00:40]} Rhf8 {[%clk 00:02:06]} {[%emt
00:00:56]} 44. Rxb5 {[%clk 00:24:19]} {[%emt 00:00:28]} Rxf1 {[%emt 00:00:52]}
0-1

[Event "DEM U10 2024"]
[Site "Willingen GER"]
[Date "2024.05.22"]
[Round "7"]
[White "Zargaran, Sepas"]
[Black "Becker, Linus"]
[Result "1/2-1/2"]
[Termination "normal"]
[Board "3"]
[WhiteElo "1810"]
[BlackElo "1705"]
[WhiteClock "00:11:29"]
[BlackClock "00:25:01"]
[PlyCount "55"]
[WhiteFideId "34625275"]
[BlackFideId "34614958"]
[EventCountry "GER"]
[EventRounds "11"]
[EventType "swiss"]
[EventDate "2024.05.18"]

1. e4 {[%clk 01:15:57]} {[%emt 00:00:05]} c5 {[%clk 01:16:20]} {[%emt
00:00:08]} 2. Nf3 {[%clk 01:16:21]} {[%emt 00:00:05]} Nc6 {[%clk 01:16:42]}
{[%emt 00:00:09]} 3. d4 {[%clk 01:16:45]} {[%emt 00:00:06]} cxd4 {[%clk
01:17:05]} {[%emt 00:00:07]} 4. Nxd4 {[%clk 01:17:02]} {[%emt 00:00:12]} g6
{[%clk 01:17:29]} {[%emt 00:00:06]} 5. c4 {[%clk 01:17:25]} {[%emt 00:00:08]}
Bg7 {[%clk 01:17:49]} {[%emt 00:00:10]} 6. Be3 {[%clk 01:17:38]} {[%emt
00:00:17]} Nf6 {[%clk 01:18:07]} {[%emt 00:00:12]} 7. Nc3 {[%clk 01:18:01]}
{[%emt 00:00:06]} O-O {[%clk 01:18:20]} {[%emt 00:00:17]} 8. Be2 {[%clk
01:18:24]} {[%emt 00:00:08]} d6 {[%clk 01:18:06]} {[%emt 00:00:43]} 9. f3
{[%clk 01:18:46]} {[%emt 00:00:08]} Bd7 {[%clk 01:16:11]} {[%emt 00:02:26]} 10.
Qd2 {[%clk 01:19:01]} {[%emt 00:00:14]} Nxd4 {[%clk 01:15:42]} {[%emt
00:00:59]} 11. Bxd4 {[%clk 01:19:04]} {[%emt 00:00:27]} Bc6 {[%clk 01:15:19]}
{[%emt 00:00:54]} 12. h4 {[%clk 01:19:22]} {[%emt 00:00:12]} Re8 {[%clk
01:10:24]} {[%emt 00:05:25]} 13. O-O-O {[%clk 01:17:12]} {[%emt 00:02:40]} Qc7
{[%clk 01:08:46]} {[%emt 00:02:08]} 14. g4 {[%clk 01:14:50]} {[%emt 00:02:49]}
Rad8 {[%clk 01:04:45]} {[%emt 00:04:34]} 15. h5 {[%clk 01:07:52]} {[%emt
00:07:27]} e6 {[%clk 01:02:36]} {[%emt 00:02:40]} 16. hxg6 {[%clk 00:57:57]}
{[%emt 00:10:25]} fxg6 {[%clk 01:01:34]} {[%emt 00:01:30]} 17. Rh3 {[%clk
00:56:58]} {[%emt 00:01:21]} d5 {[%clk 00:53:46]} {[%emt 00:08:28]} 18. e5
{[%clk 00:50:52]} {[%emt 00:06:36]} Nd7 {[%clk 00:52:22]} {[%emt 00:01:54]} 19.
Rdh1 {[%clk 00:33:44]} {[%emt 00:17:37]} Nf8 {[%clk 00:51:16]} {[%emt
00:01:38]} 20. Qe3 {[%emt 00:12:56]} b6 {[%clk 00:46:43]} {[%emt 00:01:11]} 21.
b3 {[%clk 00:20:24]} {[%emt 00:05:15]} dxc4 {[%clk 00:37:28]} {[%emt 00:09:45]}
22. Bxc4 {[%clk 00:20:38]} {[%emt 00:00:17]} b5 {[%clk 00:36:32]} {[%emt
00:01:26]} 23. Be2 {[%clk 00:16:42]} {[%emt 00:04:25]} b4 {[%clk 00:35:22]}
{[%emt 00:01:41]} 24. Bxa7 {[%clk 00:17:10]} {[%emt 00:00:02]} Bxe5 {[%clk
00:31:19]} {[%emt 00:04:33]} 25. Kb1 {[%clk 00:13:01]} {[%emt 00:04:37]} bxc3
{[%clk 00:25:51]} {[%emt 00:05:59]} 26. Bb6 {[%clk 00:13:18]} {[%emt 00:00:13]}
Qb8 {[%clk 00:24:43]} {[%emt 00:01:37]} 27. Bxd8 {[%clk 00:13:25]} {[%emt
00:00:24]} Rxd8 {[%clk 00:25:01]} {[%emt 00:00:11]} 28. Bd3 {[%clk 00:11:29]}
{[%emt 00:02:26]} 1/2-1/2